[Event "St Jean op"]
[Site "St Jean sur Richelieu"]
[Date "2004.06.27"]
[Round "5"]
[White "Deschesnes, Jean"]
[Black "Michaud, Jacques"]
[Result "1-0"]
[WhiteElo "1769"]
[BlackElo "1522"]
[PlyCount "57"]
[EventDate "2004.06.??"]
[EventType "swiss"]
[EventRounds "5"]
[EventCountry "CAN"]
[SourceTitle "EXT 2006"]
[Source "ChessBase"]
[SourceDate "2005.11.24"]
[SourceVersion "1"]
[SourceVersionDate "2005.11.24"]
[SourceQuality "1"]

1. d4 Nf6 2. Nf3 g6 3. c4 d5 4. Nc3 Bg7 5. Qb3 dxc4 6. Qxc4 0-0 7. e4 Na6 8. e5 Be6 9. exf6 Bxc4 10. fxg7 Kxg7 11. Bxc4 c5 12. Bxa6 cxd4 13. Nxd4 Qxd4 14. Bxb7 Qe5+ 15. Kf1 Rab8 16. Bf3 Rfc8 17. g3 Qf5 18. Kg2 Rd8 19. Re1 e6 20. Bf4 Rxb2 21. Re5 Qc2 22. Re2 Qd3 23. Rxb2 Qxc3 24. Re2 f6 25. Rc1 Qa3 26. Rc7+ Kg8 27. Rxe6 Qxa2 28. Ree7 a5 29. Bh6 1-0

[Event "Mauricie-ch"]
[Site "Trois Rivieres"]
[Date "1984.10.08"]
[Round "2.2"]
[White "Deschesnes, Jean"]
[Black "Tej, Yahia"]
[Result "1-0"]
[WhiteElo "1591"]
[BlackElo "1893"]
[PlyCount "31"]
[EventDate "1984.08.??"]
[EventType "k.o."]
[EventRounds "3"]
[EventCountry "CAN"]
[SourceTitle "EXT 2022"]
[Source "ChessBase"]
[SourceDate "2021.10.06"]
[SourceVersion "1"]
[SourceVersionDate "2021.10.06"]
[SourceQuality "1"]

1. e4 e6 2. d4 d5 3. Nc3 dxe4 4. Nxe4 Nd7 5. Nf3 g6 6. Bd3 Bg7 7. 0-0 Ngf6 8. Bg5 0-0 9. Qd2 Re8 10. Ne5 b6 11. Qf4 Nxe5 12. Nxf6+ Bxf6 13. Bxf6 Nxd3 14. cxd3 Qd6 15. Be5 Qf8 16. Qf6 1-0

[Event "Toronto int"]
[Site "Toronto"]
[Date "1984.07.??"]
[Round "?"]
[White "Deschesnes, Jean"]
[Black "MacDonald, Hugh Findlay"]
[Result "1-0"]
[WhiteElo "1847"]
[BlackElo "1665"]
[PlyCount "50"]
[EventDate "1984.07.21"]
[EventType "tourn"]
[EventRounds "10"]
[EventCountry "CAN"]
[SourceTitle "EXT 2022"]
[Source "ChessBase"]
[SourceDate "2021.10.06"]
[SourceVersion "1"]
[SourceVersionDate "2021.10.06"]
[SourceQuality "1"]

1. e4 e6 2. d4 d5 3. Nd2 c5 4. exd5 cxd4 5. dxe6 Bxe6 6. Bb5+ Nc6 7. Bxc6+ bxc6 8. Qe2 Nf6 9. Ngf3 Be7 10. 0-0 0-0 11. Re1 Re8 12. Nf1 Bb4 13. Bd2 Bxa2 14. Qd3 Bxd2 15. Rxe8+ Qxe8 16. Qxd2 Bd5 17. Nxd4 Qb8 18. b3 Ne4 19. Qe3 Qe5 20. Re1 Qg5 21. c4 c5 22. cxd5 Qxd5 23. Qxe4 Qxe4 24. Rxe4 cxd4 25. Rxd4 Rb8 1-0